NHL Teams by Historical Logo Quiz Stats

 Plays Quiz Updated Jun 12, 2017

Score 0/31 Timer 03:00
4 Plays Today
# Team % Correct
2Flyers
96.9%
3Bruins
96.7%
7Maple Leafs
96.6%
5Ducks
96.6%
1Rangers
95.3%
12Sharks
95.2%
9Penguins
94.9%
6Blackhawks
94.4%
4Capitals
93.3%
14Stars
92.9%
18Red Wings
92.9%
15Lightning
92.8%
13Flames
92%
10Blues
91.4%
17Avalanche
90.9%
11Wild
90.2%
# Team % Correct
22Sabres
88%
16Hurricanes
87.8%
30Devils
87.1%
25Kings
86.8%
23Panthers
85%
29Oilers
83.4%
21Predators
82.9%
27Senators
81.7%
26Coyotes
80.1%
28Jets
78.6%
24Blue Jackets
78%
31Vegas Golden Knights
77.7%
19Canucks
76.5%
20Islanders
67.5%
8Canadiens
58.4%

You're not logged in!

Compare scores with friends on all Sporcle quizzes.
OR
Log In

Show Comments

Extras

Top Quizzes Today


Score Distribution

Your Account Isn't Verified!

In order to create a playlist on Sporcle, you need to verify the email address you used during registration. Go to your Sporcle Settings to finish the process.

Report this User

Report this user for behavior that violates our Community Guidelines.

Details: